000 01072nam a2200301 a 4500
005 20200104041527.0
008 140304s1998 ck ab fr|||| 000 0 spa d
020 _a9589631665
040 _aCO-BoIAVH
_cCO-BoIAVH
041 0 _aspa
044 _ack
082 0 4 _a344.0424
_bM66s
110 2 _bColombia.
_aMinisterio de Salud
245 1 0 _aPerfil nacional para una gestión racional de las sustancias químicas
260 _aBogotá :
_b Ministerio de Salud,
_c1998.
300 _a119 páginas :
_bIlustraciones y gráficas ;
_c27 x 21 cm.
650 1 6 _aSustancias químicas
650 2 6 _aGestión ambiental
650 2 6 _aLegislación
650 2 6 _aSustancias peligrosas
650 2 6 _aDesechos sólidos
650 2 6 _aContaminación ambiental
650 2 6 _aAgricultura
710 2 _aColombia.
_bMinisterio del Medio Ambiente
710 2 _aColombia.
_bMinisterio de Agricultura y Desarrollo Rural
710 2 _aColombia.
_b Ministerio de Trabajo y Seguridad Social
942 _cLIBRO
_2ddc
999 _c2103
_d2103